[Event "chess.com Speed 3m+2spm 2017"]
[Site "chess.com INT"]
[Date "2017.10.24"]
[Round "2.13"]
[White "Karjakin, Sergey"]
[Black "Nepomniachtchi, Ian"]
[Result "0-1"]
[WhiteTitle "GM"]
[BlackTitle "GM"]
[WhiteElo "2783"]
[BlackElo "2751"]
[WhiteFideId "14109603"]
[BlackFideId "4168119"]
[EventDate "2017.05.03"]

1. d4 Nf6 2. Bf4 g6 3. Nc3 Bg7 4. e4 d6 5. Nf3 O-O 6. Qd2 Nc6 7. Bh6 Bg4 8. Bxg7
Kxg7 9. O-O-O Bxf3 10. gxf3 e5 11. dxe5 dxe5 12. Qe3 Qe7 13. f4 Rad8 14. Bh3 a6
15. Rhe1 Rxd1+ 16. Rxd1 exf4 17. Qxf4 Re8 18. f3 Ne5 19. Bf1 c6 20. Qe3 b5 21.
h3 Ned7 22. Qd4 Nc5 23. Qd6 Ne6 24. Qxe7 Rxe7 25. Rd6 Rc7 26. Kd2 Rd7 27. Rd3
Nf4 28. Rxd7 Nxd7 29. Ke3 g5 30. h4 f6 31. a4 h5 32. Na2 Ne5 33. axb5 axb5 34.
Nc1 Ne6 35. hxg5 fxg5 36. b4 Kf6 37. Nb3 h4 38. Kf2 g4 39. fxg4 Nxg4+ 40. Kf3
Ne5+ 41. Ke3 Kg5 42. c3 Nf4 43. Nd4 h3 44. Kf2 Kg4 45. Kg1 Nf3+ 46. Nxf3 Kxf3
47. e5 Kg3 48. Kh1 h2 49. e6 Nxe6 50. Bg2 0-1

[Event "chess.com Speed 3m+2spm 2017"]
[Site "chess.com INT"]
[Date "2017.10.24"]
[Round "2.14"]
[White "Nepomniachtchi, Ian"]
[Black "Karjakin, Sergey"]
[Result "1/2-1/2"]
[WhiteTitle "GM"]
[BlackTitle "GM"]
[WhiteElo "2751"]
[BlackElo "2783"]
[WhiteFideId "4168119"]
[BlackFideId "14109603"]
[EventDate "2017.05.03"]

1. c4 Nf6 2. Nc3 e5 3. Nf3 Nc6 4. e3 Bb4 5. Qc2 O-O 6. Nd5 Re8 7. Qf5 d6 8.
Nxf6+ gxf6 9. Qh5 d5 10. cxd5 Qxd5 11. a3 Bf8 12. Be2 Be6 13. d3 Na5 14. Bd2 Nb3
15. Rd1 Nxd2 16. Rxd2 Rad8 17. Qh4 Bg7 18. O-O c5 19. Rc1 b6 20. Rdc2 Qd7 21. b4
cxb4 22. axb4 Rc8 23. d4 Rxc2 24. Rxc2 Rc8 25. Bd3 h6 26. h3 Rxc2 27. Bxc2 Qc6
28. Be4 Qc1+ 29. Kh2 Qc7 30. Qg3 a5 31. bxa5 bxa5 32. dxe5 fxe5 33. Nd4 Bd7 34.
Nf5 Bxf5 35. Bxf5 a4 1/2-1/2

[Event "chess.com Speed 3m+2spm 2017"]
[Site "chess.com INT"]
[Date "2017.10.24"]
[Round "2.15"]
[White "Karjakin, Sergey"]
[Black "Nepomniachtchi, Ian"]
[Result "1-0"]
[WhiteTitle "GM"]
[BlackTitle "GM"]
[WhiteElo "2783"]
[BlackElo "2751"]
[WhiteFideId "14109603"]
[BlackFideId "4168119"]
[EventDate "2017.05.03"]

1. d4 Nf6 2. Nf3 g6 3. Bf4 Bg7 4. e3 O-O 5. Be2 d6 6. O-O Nbd7 7. h3 b6 8. c4
Bb7 9. Nc3 a6 10. Bh2 Qe8 11. d5 e5 12. Nd2 Qe7 13. b4 Kh8 14. a4 a5 15. bxa5
Rxa5 16. Nb3 Raa8 17. a5 Ba6 18. Qd2 Nc5 19. Rfb1 Nxb3 20. Rxb3 Nd7 21. Rba3 Bb7
22. Nb5 Nc5 23. axb6 Rxa3 24. Rxa3 cxb6 25. Ra7 Qd8 26. Bd3 f5 27. Bc2 Qb8 28.
Qc3 Ba6 29. Rxg7 Bxb5 30. Re7 Re8 31. Rxe8+ Bxe8 32. f4 Nd7 33. Ba4 b5 34. Bxb5
Kg8 35. fxe5 Nxe5 36. Bxe5 dxe5 37. Bxe8 Qxe8 38. c5 f4 39. c6 1-0

[Event "chess.com Speed 3m+2spm 2017"]
[Site "chess.com INT"]
[Date "2017.10.24"]
[Round "2.16"]
[White "Nepomniachtchi, Ian"]
[Black "Karjakin, Sergey"]
[Result "1/2-1/2"]
[WhiteTitle "GM"]
[BlackTitle "GM"]
[WhiteElo "2751"]
[BlackElo "2783"]
[WhiteFideId "4168119"]
[BlackFideId "14109603"]
[EventDate "2017.05.03"]

1. c4 Nf6 2. Nc3 e5 3. Nf3 Nc6 4. e3 Bb4 5. Qc2 Bxc3 6. bxc3 O-O 7. e4 d6 8. g3
Nd7 9. Bg2 Nc5 10. Nh4 g5 11. Nf5 Bxf5 12. exf5 e4 13. O-O Re8 14. Ba3 Nd3 15.
Rab1 Na5 16. Bxe4 Rxe4 17. Qxd3 Qe8 18. f3 Re2 19. f6 Qe6 20. Rb5 Re5 21. Rxe5
dxe5 22. Be7 Nxc4 23. Re1 h6 24. h4 Qh3 25. Qxc4 Qxg3+ 26. Kf1 Qxf3+ 1/2-1/2

[Event "chess.com Speed 3m+2spm 2017"]
[Site "chess.com INT"]
[Date "2017.10.24"]
[Round "2.17"]
[White "Karjakin, Sergey"]
[Black "Nepomniachtchi, Ian"]
[Result "1-0"]
[WhiteTitle "GM"]
[BlackTitle "GM"]
[WhiteElo "2783"]
[BlackElo "2751"]
[WhiteFideId "14109603"]
[BlackFideId "4168119"]
[EventDate "2017.05.03"]

1. e4 c5 2. Nc3 Nc6 3. Nf3 g6 4. d4 cxd4 5. Nxd4 Bg7 6. Be3 Nf6 7. Bc4 O-O 8.
Bb3 Re8 9. f3 e6 10. f4 Qa5 11. O-O d5 12. e5 Nd7 13. Ncb5 Nxd4 14. Nxd4 Nc5 15.
c3 Bd7 16. Bc2 Qa6 17. h4 Rac8 18. h5 Ba4 19. b3 Bb5 20. Rf2 Bd3 21. Bxd3 Nxd3
22. Rc2 Nc5 23. c4 Ne4 24. cxd5 Nc3 25. Qc1 Qd3 26. d6 Ne2+ 27. Rxe2 Rxc1+ 28.
Rxc1 Rd8 29. hxg6 hxg6 30. Kf2 g5 31. Nf3 g4 32. Nd4 Kh7 33. Rd2 Qe4 34. Ne2 Kg6
35. Rc4 Qb1 36. Rc7 f6 37. Re7 fxe5 38. Rxe6+ Kf7 39. Re7+ Kf8 40. fxe5 Qf5+ 41.
Nf4 Kg8 42. d7 Bf8 43. Re8 Rxd7 44. Rxd7 Qxd7 45. Ra8 Kg7 46. e6 Qd6 47. Rxa7
Qc6 48. Ra4 Qc2+ 49. Kg3 Bd6 50. Rd4 Qc3 51. Rxd6 Qxe3+ 52. Kxg4 Kf8 53. Rd8+
Kg7 54. Rd7+ Kh6 55. e7 Qe5 56. Rd6+ Kh7 57. Re6 Qg7+ 58. Kh3 Qc3+ 59. g3 1-0

[Event "chess.com Speed 3m+2spm 2017"]
[Site "chess.com INT"]
[Date "2017.10.24"]
[Round "2.18"]
[White "Nepomniachtchi, Ian"]
[Black "Karjakin, Sergey"]
[Result "0-1"]
[WhiteTitle "GM"]
[BlackTitle "GM"]
[WhiteElo "2751"]
[BlackElo "2783"]
[WhiteFideId "4168119"]
[BlackFideId "14109603"]
[EventDate "2017.05.03"]

1. e4 e5 2. Nf3 Nc6 3. c3 d5 4. Qa4 f6 5. d3 Ne7 6. Be2 Be6 7. O-O Qd7 8. Qc2
O-O-O 9. b4 Ng6 10. a4 Kb8 11. b5 Na5 12. c4 dxc4 13. dxc4 Bb4 14. Nc3 Bxc3 15.
Qxc3 b6 16. Be3 Nf4 17. Bxf4 exf4 18. c5 Bg4 19. Rad1 Qe7 20. cxb6 axb6 21. h3
Bh5 22. Rc1 Bxf3 23. Bxf3 Qe5 24. Qc2 Rd4 25. Rfd1 Rhd8 26. Rxd4 Rxd4 27. Qa2
Kb7 28. Bg4 h5 29. Bf5 f3 30. gxf3 g6 31. Be6 Qg5+ 0-1

[Event "chess.com Speed 3m+2spm 2017"]
[Site "chess.com INT"]
[Date "2017.10.24"]
[Round "2.19"]
[White "Karjakin, Sergey"]
[Black "Nepomniachtchi, Ian"]
[Result "1/2-1/2"]
[WhiteTitle "GM"]
[BlackTitle "GM"]
[WhiteElo "2783"]
[BlackElo "2751"]
[WhiteFideId "14109603"]
[BlackFideId "4168119"]
[EventDate "2017.05.03"]

1. d4 Nf6 2. Nf3 g6 3. Bf4 Bg7 4. e3 O-O 5. Be2 d6 6. O-O b6 7. c4 Bb7 8. Nc3 c5
9. d5 Nbd7 10. h3 a6 11. a4 Qc7 12. e4 Rad8 13. Qd2 Bc8 14. Rfe1 Rfe8 15. Bf1
Nh5 16. Bh2 Ne5 17. Be2 Nf6 18. Nxe5 dxe5 19. a5 bxa5 20. Ra3 Rf8 21. Rea1 Bb7
22. Rxa5 Nd7 23. Bg3 f5 24. Bh4 Bf6 25. Bxf6 Rxf6 26. R5a3 Rdf8 27. Bf3 Rb6 28.
Na4 Rb4 29. b3 Nf6 30. Nc3 Bc8 31. Qc2 Qb8 32. Na4 Qd6 33. Nc3 Qb8 34. Na4 Qd6
35. Nc3 Qb8 36. Na4 1/2-1/2

[Event "chess.com Speed 1m+1spm 2017"]
[Site "chess.com INT"]
[Date "2017.10.24"]
[Round "2.21"]
[White "Karjakin, Sergey"]
[Black "Nepomniachtchi, Ian"]
[Result "1-0"]
[WhiteTitle "GM"]
[BlackTitle "GM"]
[WhiteElo "2783"]
[BlackElo "2751"]
[WhiteFideId "14109603"]
[BlackFideId "4168119"]
[EventDate "2017.05.03"]

1. d4 f5 2. Nf3 Nf6 3. g3 g6 4. Bg2 Bg7 5. O-O O-O 6. c4 d6 7. Nc3 Nc6 8. d5 Nb4
9. a3 Na6 10. Qc2 Bd7 11. b4 c6 12. dxc6 bxc6 13. Bb2 Rc8 14. Rfd1 Qe8 15. Rac1
Kh8 16. Qa4 Nc7 17. Qxa7 f4 18. gxf4 Ne6 19. e3 Nh5 20. c5 Nhxf4 21. exf4 Nxf4
22. cxd6 e5 23. Ne4 Nxg2 24. Kxg2 Qe6 25. Nfg5 Qf5 26. Ng3 Qxf2+ 27. Qxf2 1-0

[Event "chess.com Speed 1m+1spm 2017"]
[Site "chess.com INT"]
[Date "2017.10.24"]
[Round "2.22"]
[White "Nepomniachtchi, Ian"]
[Black "Karjakin, Sergey"]
[Result "1-0"]
[WhiteTitle "GM"]
[BlackTitle "GM"]
[WhiteElo "2751"]
[BlackElo "2783"]
[WhiteFideId "4168119"]
[BlackFideId "14109603"]
[EventDate "2017.05.03"]

1. e4 e5 2. d4 exd4 3. Qxd4 Nc6 4. Qe3 Nf6 5. Nc3 Bb4 6. Bd2 O-O 7. O-O-O Re8 8.
Qg3 Rxe4 9. a3 Bxc3 10. Bxc3 d6 11. f3 Re8 12. h4 Qe7 13. h5 Ne5 14. h6 g6 15.
Ne2 Bd7 16. Nf4 Bc6 17. Kb1 Nfd7 18. Be2 a5 19. Rhe1 b5 20. Bf1 b4 21. axb4 axb4
22. Bxb4 Ra4 23. Bc3 Rea8 24. b3 Ra2 25. Nd3 Qe6 26. Nb4 Ba4 27. Bc4 Qf5 28.
Rxe5 Nxe5 29. Bxe5 Bxb3 30. Bxb3 R2a3 31. Kb2 dxe5 32. Rd5 R3a5 33. Qe1 Rxd5 34.
Nxd5 Qe6 35. Qc3 Qd6 36. Qc4 Rf8 37. Nxc7 Qd4+ 38. Qxd4 exd4 39. Nd5 Rd8 40.
Nf6+ Kh8 41. g4 d3 42. c3 Rd7 43. Nxd7 1-0

[Event "chess.com Speed 1m+1spm 2017"]
[Site "chess.com INT"]
[Date "2017.10.24"]
[Round "2.23"]
[White "Karjakin, Sergey"]
[Black "Nepomniachtchi, Ian"]
[Result "1-0"]
[WhiteTitle "GM"]
[BlackTitle "GM"]
[WhiteElo "2783"]
[BlackElo "2751"]
[WhiteFideId "14109603"]
[BlackFideId "4168119"]
[EventDate "2017.05.03"]

1. Nf3 g6 2. d4 Bg7 3. Bf4 d6 4. e3 f5 5. c4 Nf6 6. Nc3 O-O 7. h3 h6 8. Be2 Qe8
9. d5 Na6 10. Bh2 Bd7 11. O-O c6 12. dxc6 bxc6 13. Qc2 Nc5 14. Rfd1 g5 15. Rab1
g4 16. hxg4 Nxg4 17. Bg3 Rb8 18. Nh4 Qh5 19. b4 Ne6 20. c5 Be5 21. cxd6 Bxg3 22.
fxg3 exd6 23. Rxd6 Rb7 24. Qd2 Bc8 25. Rf1 Rg7 26. Bc4 Re7 27. Rxc6 Ne5 28. Rxc8
Rxc8 29. Qd6 Qf7 30. Nxf5 Nxc4 31. Nxe7+ Kh8 32. Rxf7 Nxd6 33. Nxc8 Nxf7 34.
Nxa7 Kg7 35. Nab5 Ne5 36. a4 Nc4 37. Kf2 Nd8 38. Nd4 Nb2 39. Ke2 Nb7 40. a5 Nc4
41. a6 Nbd6 42. Nd5 1-0

[Event "chess.com Speed 1m+1spm 2017"]
[Site "chess.com INT"]
[Date "2017.10.24"]
[Round "2.24"]
[White "Nepomniachtchi, Ian"]
[Black "Karjakin, Sergey"]
[Result "0-1"]
[WhiteTitle "GM"]
[BlackTitle "GM"]
[WhiteElo "2751"]
[BlackElo "2783"]
[WhiteFideId "4168119"]
[BlackFideId "14109603"]
[EventDate "2017.05.03"]

1. e4 c5 2. d4 d6 3. c3 Nf6 4. Bd3 cxd4 5. cxd4 g6 6. Nf3 Bg7 7. Nc3 O-O 8. O-O
Bg4 9. h3 Bxf3 10. Qxf3 Nc6 11. Be3 Nd7 12. Ne2 Nde5 13. dxe5 Nxe5 14. Qg3 Nxd3
15. Bd4 Bxd4 16. Nxd4 Nc5 17. Rfe1 Rc8 18. Rad1 Qb6 19. Nf5 Rfe8 20. e5 dxe5 21.
Rxe5 Ne6 22. Rde1 Rc5 23. Nh6+ Kg7 24. Ng4 Qxb2 25. R5e2 Qd4 26. Re4 Qc3 27.
R4e3 Qd4 28. Re4 Qc3 29. R4e3 Qd4 30. Ne5 Qf4 31. Qxf4 Nxf4 32. Rf3 f6 33. Nd7
Rc4 34. g3 Nxh3+ 35. Kg2 Ng5 36. Rb3 Rc7 37. Rd3 e5 38. f4 Nf7 39. fxe5 fxe5 40.
Rd5 Re7 41. Nc5 b6 42. Ne4 Red7 43. Rxd7 Rxd7 44. Rc1 Rd4 45. Kf3 Rd7 46. Rc6 h6
47. Ke3 Ng5 48. Nd6 h5 49. Ne8+ Kh6 50. Nf6 Rf7 51. a4 Kg7 52. Ne8+ Kf8 53. Nf6
Re7 54. Rc8+ Kf7 55. Nd5 Rd7 56. Nb4 Rd4 57. Rc7+ Ke6 58. Rc6+ Kf5 0-1

[Event "chess.com Speed 1m+1spm 2017"]
[Site "chess.com INT"]
[Date "2017.10.24"]
[Round "2.25"]
[White "Karjakin, Sergey"]
[Black "Nepomniachtchi, Ian"]
[Result "0-1"]
[WhiteTitle "GM"]
[BlackTitle "GM"]
[WhiteElo "2783"]
[BlackElo "2751"]
[WhiteFideId "14109603"]
[BlackFideId "4168119"]
[EventDate "2017.05.03"]

1. Nf3 g6 2. d4 Bg7 3. c4 c5 4. d5 b5 5. cxb5 Nf6 6. Nc3 a6 7. e4 d6 8. a4 O-O
9. Bd2 Nbd7 10. Be2 axb5 11. axb5 Bb7 12. O-O Nb6 13. Qc2 Qd7 14. h3 e6 15. dxe6
Qxe6 16. Rxa8 Rxa8 17. Re1 h6 18. Bf1 Nfd7 19. Bf4 g5 20. Bg3 Re8 21. Rd1 Bf8
22. Qd2 Nf6 23. Bxd6 Rd8 24. e5 Ne8 25. Qe3 Nxd6 26. exd6 Qxe3 27. fxe3 Rxd6 28.
Rxd6 Bxd6 29. Nd2 Kg7 30. Nc4 Nxc4 31. Bxc4 f5 32. Bd5 Bc8 33. b6 Kf6 34. Bc6
Ke5 35. Nb5 Bb8 36. Kf2 Be6 37. Ke1 Bd5 38. Bxd5 Kxd5 39. Na3 c4 40. b7 Kc5 41.
Kd2 Be5 42. Kc2 Kb4 43. Nb1 Kc5 44. Nd2 Bb8 45. Kc3 Be5+ 46. Kc2 Bb8 47. Nf3 Kc6
48. Nd4+ Kxb7 49. Nxf5 h5 50. Kc3 Be5+ 51. Kxc4 Bxb2 52. Kd5 Kc7 53. Ng7 Bxg7
54. Ke6 Bc3 55. Kf5 h4 56. Kxg5 Be1 57. Kf5 Kd6 58. Kf4 Bg3+ 59. Kf3 Ke5 60. e4
Kd4 61. e5 Kxe5 62. Ke3 Kd5 63. Kf3 Kd4 64. Ke2 Ke4 65. Kd2 Kf4 66. Ke2 Ke4 67.
Kd2 Bh2 68. Ke2 Bg1 69. Kf1 Ba7 70. Ke2 Kf4 0-1

[Event "chess.com Speed 1m+1spm 2017"]
[Site "chess.com INT"]
[Date "2017.10.24"]
[Round "2.26"]
[White "Nepomniachtchi, Ian"]
[Black "Karjakin, Sergey"]
[Result "1-0"]
[WhiteTitle "GM"]
[BlackTitle "GM"]
[WhiteElo "2751"]
[BlackElo "2783"]
[WhiteFideId "4168119"]
[BlackFideId "14109603"]
[EventDate "2017.05.03"]

1. e4 e5 2. d4 exd4 3. Qxd4 Nc6 4. Qe3 Nf6 5. Nc3 g6 6. Bd2 Bg7 7. O-O-O O-O 8.
Qe1 Re8 9. f3 d6 10. Kb1 a6 11. Nge2 b5 12. Nf4 Ne5 13. h4 c6 14. h5 b4 15. Na4
c5 16. hxg6 hxg6 17. Bc1 Qc7 18. Qh4 Bd7 19. b3 Bxa4 20. bxa4 Kf8 21. g4 Qc6 22.
g5 Nxf3 23. gxf6 Nxh4 24. fxg7+ Kxg7 25. Bb2+ f6 26. Rxh4 g5 27. Rg4 Rxe4 28.
Bg2 Kf7 29. Nh5 d5 30. Bxe4 dxe4 31. Nxf6 e3 32. Re4 e2 33. Rxe2 Qxa4 34. Rf1
Kg6 35. Ng4 c4 36. Ne5+ Kg7 37. Nxc4+ Kg8 38. Re5 1-0

[Event "chess.com Speed 1m+1spm 2017"]
[Site "chess.com INT"]
[Date "2017.10.24"]
[Round "2.27"]
[White "Karjakin, Sergey"]
[Black "Nepomniachtchi, Ian"]
[Result "1/2-1/2"]
[WhiteTitle "GM"]
[BlackTitle "GM"]
[WhiteElo "2783"]
[BlackElo "2751"]
[WhiteFideId "14109603"]
[BlackFideId "4168119"]
[EventDate "2017.05.03"]

1. e4 g6 2. Nf3 Bg7 3. d4 d6 4. c3 Nf6 5. Bd3 O-O 6. O-O c5 7. h3 cxd4 8. cxd4
Nc6 9. Nc3 a6 10. Be3 b5 11. Rc1 Bb7 12. Qd2 Rc8 13. d5 Na5 14. b3 Nd7 15. Bd4
Bxd4 16. Nxd4 Qb6 17. Nce2 Rc5 18. Kh2 b4 19. Nc2 Rfc8 20. Qxb4 Qc7 21. Ne3 Ne5
22. Qd2 Qd8 23. Bb1 Rxc1 24. Rxc1 Rxc1 25. Qxc1 Bc8 26. b4 Nb7 27. Nd4 g5 28.
Qc3 Bd7 29. a3 Qb6 30. Bc2 a5 31. Kg1 f6 32. Nef5 Bxf5 33. Nxf5 Kf7 34. Qc8 Nd8
35. b5 h5 36. Bd1 g4 37. hxg4 hxg4 38. Be2 Ke8 39. Ng7+ Kf7 40. Ne6 Nxe6 41.
dxe6+ Kg7 42. g3 Qd4 43. Qc7 Ng6 44. b6 Qxe4 45. Bf1 Ne5 46. Qxe7+ Kg6 47. Qe8+
Kg7 48. Qe7+ Kg6 49. Qe8+ Kg7 50. Qe7+ 1/2-1/2

[Event "chess.com Speed 1m+1spm 2017"]
[Site "chess.com INT"]
[Date "2017.10.24"]
[Round "2.28"]
[White "Nepomniachtchi, Ian"]
[Black "Karjakin, Sergey"]
[Result "0-1"]
[WhiteTitle "GM"]
[BlackTitle "GM"]
[WhiteElo "2751"]
[BlackElo "2783"]
[WhiteFideId "4168119"]
[BlackFideId "14109603"]
[EventDate "2017.05.03"]

1. d4 Nf6 2. Nf3 g6 3. c4 Bg7 4. Nc3 d5 5. cxd5 Nxd5 6. Bg5 Nxc3 7. bxc3 c5 8.
e3 Qa5 9. Qd2 Nc6 10. Rb1 a6 11. Be2 O-O 12. h4 e5 13. dxc5 h6 14. h5 Bf5 15.
Rxb7 hxg5 16. h6 Rad8 17. hxg7 Rxd2 18. gxf8=Q+ Kxf8 19. Nxd2 Qxc3 20. Rh7 Qc1+
21. Bd1 Bc2 22. Rhxf7+ Ke8 23. f3 Qxd1+ 24. Kf2 Qxd2+ 25. Kg3 Qe1+ 26. Kh2 Qh4+
27. Kg1 Qe1+ 28. Kh2 g4 29. fxg4 Qxe3 30. Rh7 Qf4+ 31. Kh1 Qf1+ 32. Kh2 Qf4+ 33.
Kh1 Qf8 34. Rbc7 Nd8 35. c6 Be4 36. Rc8 Qf1+ 0-1

[Event "chess.com Speed 1m+1spm 2017"]
[Site "chess.com INT"]
[Date "2017.10.24"]
[Round "2.29"]
[White "Karjakin, Sergey"]
[Black "Nepomniachtchi, Ian"]
[Result "1/2-1/2"]
[WhiteTitle "GM"]
[BlackTitle "GM"]
[WhiteElo "2783"]
[BlackElo "2751"]
[WhiteFideId "14109603"]
[BlackFideId "4168119"]
[EventDate "2017.05.03"]

1. e4 c5 2. Nf3 Nc6 3. d4 cxd4 4. Nxd4 Qb6 5. Nb3 e6 6. c4 Nf6 7. Bd3 Bb4+ 8.
Bd2 Ne5 9. Bxb4 Qxb4+ 10. Nc3 Nxc4 11. a3 Nxa3 12. Rxa3 O-O 13. O-O d6 14. Bb1
a6 15. Qd4 Qxd4 16. Nxd4 Bd7 17. Rd1 Rfc8 18. f3 Kf8 19. Bd3 Ke7 20. Rda1 g5 21.
Kf2 h6 22. Ke3 Rc7 23. Kd2 Rac8 24. Nd1 Nh5 25. Rc3 Rc5 26. b4 Rxc3 27. Nxc3 Nf4
28. Bf1 Ng6 29. b5 axb5 30. Bxb5 Ne5 31. Ra7 Rc7 32. Bxd7 Rxd7 33. Ndb5 Nc4+ 34.
Ke2 Ne5 35. Na4 Nc4 36. Kd3 Ne5+ 37. Kd4 Nc6+ 38. Ke3 Nxa7 39. Nxa7 Rc7 40. Nb6
Rc2 41. Nac8+ Kf6 42. Nxd6 Rxg2 43. Nxb7 Rb2 44. Nc5 Rxh2 45. Nbd7+ Ke7 46. Ne5
h5 47. Ncd3 f6 48. Nc6+ Kd6 49. Nd4 h4 50. e5+ fxe5 51. Nb5+ Kc6 52. Nc3 Rh1 53.
Nxe5+ Kd6 54. Ng4 Re1+ 55. Kf2 1/2-1/2

[Event "chess.com Speed 5m+2spm 2017"]
[Site "chess.com INT"]
[Date "2017.11.18"]
[Round "2.1"]
[White "So, Wesley"]
[Black "Carlsen, Magnus"]
[Result "0-1"]
[WhiteTitle "GM"]
[BlackTitle "GM"]
[WhiteElo "2815"]
[BlackElo "2832"]
[WhiteFideId "5202213"]
[BlackFideId "1503014"]
[EventDate "2017.05.03"]

1. Nf3 e6 2. c4 b6 3. g3 Bb7 4. Bg2 g6 5. O-O Bg7 6. Nc3 Nf6 7. d4 Ne4 8. Bd2
O-O 9. Rc1 c5 10. d5 exd5 11. cxd5 Nxd2 12. Nxd2 d6 13. Nc4 Ba6 14. b3 b5 15.
Nd2 Nd7 16. a4 b4 17. Nce4 Ne5 18. Nc4 Nxc4 19. bxc4 Re8 20. Re1 f5 21. Nd2 Bc3
22. e3 Qf6 23. Re2 Re7 24. Qb3 Rae8 25. Nb1 Be5 26. f4 Bd4 27. Rce1 Bxe3+ 28.
Rxe3 Rxe3 29. Rxe3 Qd4 0-1

[Event "chess.com Speed 5m+2spm 2017"]
[Site "chess.com INT"]
[Date "2017.11.18"]
[Round "2.2"]
[White "Carlsen, Magnus"]
[Black "So, Wesley"]
[Result "1/2-1/2"]
[WhiteTitle "GM"]
[BlackTitle "GM"]
[WhiteElo "2832"]
[BlackElo "2815"]
[WhiteFideId "1503014"]
[BlackFideId "5202213"]
[EventDate "2017.05.03"]

1. e4 c6 2. d4 d5 3. e5 Bf5 4. Nd2 e6 5. Nb3 Nd7 6. Nf3 Ne7 7. Be2 h6 8. O-O Qc7
9. c3 Bh7 10. Bd3 Bxd3 11. Qxd3 c5 12. Nxc5 Nxc5 13. dxc5 Qxc5 14. Be3 Qc7 15.
Qd4 Nf5 16. Qa4+ Qd7 17. Qg4 h5 18. Qf4 g6 19. Nd4 Bh6 20. Qf3 Nxe3 21. fxe3 Bg7
22. e4 Bxe5 23. exd5 O-O 24. dxe6 Bxd4+ 25. cxd4 Qxd4+ 26. Kh1 fxe6 27. Qxb7
Rxf1+ 28. Rxf1 Rf8 29. Rg1 Rf2 30. Qe7 Qd5 31. Qxa7 Rxb2 32. a4 Ra2 33. h3 e5
34. Qe7 Kh8 35. Qg5 Kg7 36. Rf1 Qd6 37. Rb1 Rxa4 38. Rb7+ Kg8 39. Qc1 Ra8 40.
Qc4+ Kh8 41. Qc1 Kg8 42. Qc4+ Kh8 43. Qc1 Qf8 44. Qg5 Qf1+ 45. Kh2 Qf4+ 46. Qxf4
exf4 47. Rf7 Ra4 48. Kg1 Kg8 49. Rb7 Ra5 50. Rb4 Rf5 51. h4 f3 52. g3 f2+ 53.
Kf1 Rf3 54. g4 hxg4 55. Rxg4 Kh7 56. Rg2 Kh6 57. Rxf2 Rh3 58. Rf4 Kh5 59. Kg2
Rxh4 60. Rf8 Rg4+ 61. Kh3 Rh4+ 62. Kg3 Ra4 63. Rb8 Ra3+ 64. Kg2 g5 65. Rb4 g4
66. Rb8 Ra2+ 67. Kg3 Ra3+ 68. Kg2 Ra2+ 69. Kg3 Ra3+ 70. Kg2 Ra2+ 1/2-1/2

[Event "chess.com Speed 5m+2spm 2017"]
[Site "chess.com INT"]
[Date "2017.11.18"]
[Round "2.3"]
[White "So, Wesley"]
[Black "Carlsen, Magnus"]
[Result "1/2-1/2"]
[WhiteTitle "GM"]
[BlackTitle "GM"]
[WhiteElo "2815"]
[BlackElo "2832"]
[WhiteFideId "5202213"]
[BlackFideId "1503014"]
[EventDate "2017.05.03"]

1. d4 Nf6 2. Nf3 d5 3. e3 e6 4. b3 b6 5. Bb2 Ba6 6. Bxa6 Nxa6 7. O-O Be7 8. c4
O-O 9. Qe2 Qc8 10. cxd5 exd5 11. Rc1 Qb7 12. Ne5 c5 13. Nd2 Rac8 14. Ndf3 Ne4
15. Qb5 f6 16. dxc5 Naxc5 17. Nd3 Ne6 18. Nd4 a6 19. Qa4 N6c5 20. Nxc5 Nxc5 21.
Rxc5 bxc5 22. Nf5 c4 23. Nxe7+ Qxe7 24. Ba3 Qe8 25. Bxf8 Qxa4 26. bxa4 Kxf8 27.
Kf1 Ke7 28. Rb1 Kd6 29. Ke2 Kc5 30. Rb7 g5 31. Kd2 d4 32. exd4+ Kxd4 33. Rd7+
Kc5 34. Kc3 Re8 35. Rc7+ Kd5 36. Rd7+ Kc5 37. Rc7+ Kd5 38. Rd7+ Kc5 1/2-1/2

[Event "chess.com Speed 5m+2spm 2017"]
[Site "chess.com INT"]
[Date "2017.11.18"]
[Round "2.4"]
[White "Carlsen, Magnus"]
[Black "So, Wesley"]
[Result "1-0"]
[WhiteTitle "GM"]
[BlackTitle "GM"]
[WhiteElo "2832"]
[BlackElo "2815"]
[WhiteFideId "1503014"]
[BlackFideId "5202213"]
[EventDate "2017.05.03"]

1. e4 c6 2. d3 d5 3. Nd2 e5 4. Ngf3 Bd6 5. d4 exd4 6. exd5 Nf6 7. Nc4 Bb4+ 8.
Bd2 Bxd2+ 9. Qxd2 cxd5 10. Nce5 O-O 11. O-O-O Nc6 12. Nxc6 bxc6 13. Qxd4 Bg4 14.
Bd3 Qb6 15. Qxb6 axb6 16. a3 Rfe8 17. Rhe1 Kf8 18. Be2 Ne4 19. Nd4 Bd7 20. f3
Nd6 21. Bf1 g5 22. Rxe8+ Rxe8 23. b4 Ra8 24. Kb2 Ke7 25. Nb3 Bc8 26. b5 Bd7 27.
bxc6 Bxc6 28. Nd4 Bb7 29. Bd3 h6 30. h4 Ra4 31. c3 Ba6 32. Kb3 b5 33. hxg5 hxg5
34. Nxb5 Bxb5 35. Bxb5 Rh4 36. Rxd5 f5 37. a4 Rh2 38. c4 1-0

[Event "chess.com Speed 5m+2spm 2017"]
[Site "chess.com INT"]
[Date "2017.11.18"]
[Round "2.5"]
[White "So, Wesley"]
[Black "Carlsen, Magnus"]
[Result "1-0"]
[WhiteTitle "GM"]
[BlackTitle "GM"]
[WhiteElo "2815"]
[BlackElo "2832"]
[WhiteFideId "5202213"]
[BlackFideId "1503014"]
[EventDate "2017.05.03"]

1. Nf3 e6 2. b3 d5 3. Bb2 Nf6 4. g3 g6 5. c4 Bg7 6. Bg2 O-O 7. O-O c5 8. cxd5
exd5 9. d4 Ne4 10. Qc1 Nc6 11. dxc5 d4 12. Rd1 Qf6 13. Nbd2 Nc3 14. Bxc3 dxc3
15. Ne4 Qe7 16. Nxc3 Qf6 17. Ne4 Qxa1 18. Qxa1 Bxa1 19. Rxa1 Rd8 20. Nd6 Rb8 21.
Ng5 f6 22. Nge4 Kg7 23. e3 Be6 24. Nc3 Rd7 25. Ncb5 Rbd8 26. Bxc6 bxc6 27. Nd4
Bh3 28. Nxc6 Ra8 29. Nd4 a5 30. Rc1 Re7 31. c6 Rd8 32. N4b5 1-0

[Event "chess.com Speed 5m+2spm 2017"]
[Site "chess.com INT"]
[Date "2017.11.18"]
[Round "2.6"]
[White "Carlsen, Magnus"]
[Black "So, Wesley"]
[Result "1-0"]
[WhiteTitle "GM"]
[BlackTitle "GM"]
[WhiteElo "2832"]
[BlackElo "2815"]
[WhiteFideId "1503014"]
[BlackFideId "5202213"]
[EventDate "2017.05.03"]

1. e4 c6 2. d4 d5 3. exd5 cxd5 4. Bd3 Nc6 5. c3 Nf6 6. Bf4 Bg4 7. Qb3 Qc8 8. Nd2
e6 9. Ngf3 Be7 10. O-O Bh5 11. Rae1 Bg6 12. Bxg6 hxg6 13. h3 a6 14. a4 Nd7 15.
Re3 O-O 16. h4 Nf6 17. Qd1 b5 18. Ne5 b4 19. Bg5 Re8 20. Rh3 Qc7 21. Ndf3 bxc3
22. bxc3 Rac8 23. Nxc6 Qxc6 24. Ne5 Qc7 25. Qf3 Bd8 26. h5 Nxh5 27. Bxd8 Rexd8
28. g4 Nf6 29. Kg2 g5 30. Qe3 Ne4 31. f3 Nf6 32. Rfh1 Kf8 33. Qxg5 Qxc3 34. Rh8+
Ke7 35. Rxd8 Rxd8 36. Qxg7 Qc2+ 37. Kg3 Rf8 38. Rh6 Ne8 39. Qg5+ f6 40. Qg6 Qxa4
41. Rh7+ Kd8 42. Qb1 Qb5 43. Nc6+ Qxc6 44. Qb8+ Qc8 45. Qb6+ 1-0